[Event "Vanya Somov Memorial 2018"]
[Site "Kirishi"]
[Date "2018.05.21"]
[Round "6.2"]
[White "Pultinevicius, Paulius"]
[Black "Lobanov, Sergei"]
[Result "1-0"]
[WhiteElo "2402"]
[BlackElo "2515"]
[Annotator "TA"]
[PlyCount "63"]
[EventDate "2018.05.15"]
[EventType "tourn"]
[EventRounds "11"]
[EventCountry "RUS"]

{[%evp 23,63,13,13,0,16,0,0,-6,-8,-33,-17,-109,0,0,0,7,13,6,0,0,131,113,202,200,191,139,203,225,339,73,72,63,77,70,87,-101,44,16,502,464,675,660]} 1. Nf3 d5 2. d4 Nf6 3. c4 c6 4. Nc3 e6 5. e3 Nbd7 6. Qc2 Bd6 7. b3 O-O 8. Be2 b6 9. O-O Bb7 10. Bb2 c5 11. cxd5 exd5 12. Rad1 Rc8 {LiveBook: 12 Partien} 13. Qb1 {D45: Damengambit (Anti-Meraner Variante)} (13. dxc5 bxc5 14. Qf5 Qe7 15. Rfe1 Qe6 16. Qb1 h6 17. Bd3 Ne5 18. Bf5 Nxf3+ 19. gxf3 Qe5 20. f4 Qe8 {1-0 (30) Kramnik,V (2780)-Kasparov,G (2815) Moscow 1998}) 13... Qe7 14. Rfe1 a6 $146 ({Vorgänger:} 14... cxd4 15. Nxd4 Qe5 16. Nf3 Qh5 17. h3 Bb4 18. Qa1 Rfe8 19. a3 Bd6 20. Nb5 Bb8 {0-1 (48) Gillot,F (1941)-De Vleeschauwer,M (2077) Blankenberge 2017}) 15. Bf1 {Die Stellung ist ausgeglichen.} Rfe8 16. g3 c4 17. e4 (17. bxc4 $11 Bb4 18. e4 dxc4 19. Bh3) 17... Nxe4 (17... dxe4 $17 18. bxc4 Ng4) 18. Nxe4 $11 dxe4 19. bxc4 {[%cal Bb3c4,Bc4c5,Bc5c6,Bc6c7][%mdl 32]} Bb4 20. Re3 f5 21. Bc1 Qf8 {[#]} (21... Kh8 $11 {bleibt in der Remisbreite.}) 22. c5 $1 $16 {[%mdl 512]} exf3 (22... f4 $16 23. gxf4 exf3 24. Qxb4 Bd5) (22... bxc5 23. dxc5) 23. Qxb4 $18 Kh8 24. Qb3 ({Lieber} 24. Rxe8 $18 Rxe8 25. Bf4) 24... Be4 (24... Qf6 $16 25. Rxe8+ Rxe8) 25. Bxa6 {[%cal Bf1a6,Ba6b7,Bb7d5][%mdl 32]} ({Schlechter ist} 25. cxb6 Bc2 $11) 25... Rb8 {[#]} (25... bxc5 {ist eine bessere Verteidigung.} 26. Bxc8 Rxc8) 26. Qa4 $2 (26. Rxe4 $1 $18 {[%mdl 512]} fxe4 (26... Rxe4 27. c6) 27. c6) 26... Nf6 $16 27. c6 Ra8 {[#]} 28. Qc4 $1 {Und weiter mit c7 wäre nett.} Nd5 29. Rde1 $2 (29. Rxe4 $16 Rxe4 30. Qxd5 Rxa6 31. c7) 29... Qf7 (29... Nxe3 $17 30. Bxe3 Bxc6 31. Qxc6 Rxa6 32. Qxf3 f4 33. Qxf4 Qxf4 34. gxf4 Kg8) 30. Bb7 {Schwarz muss nun c7 beachten.} Ra7 $2 {[%mdl 8192] [#]} (30... b5 $1 $11 {und Schwarz ist OK.} 31. Qb3 (31. Qxb5 Rxa2 32. c7 Nxc7 $11) 31... Ra7) 31. c7 $1 $18 {[%mdl 512]} b5 (31... Qxc7 $142 32. Bxd5 Qxc4 33. Bxc4 h5) (31... Nxc7 32. Qxf7) 32. Bxd5 {Precision: Weiß = 38%, Schwarz = 35%.} 1-0

[Event "Vanya Somov Memorial 2018"]
[Site "Kirishi"]
[Date "2018.05.21"]
[Round "6.3"]
[White "Gharibyan, Mamikon"]
[Black "Shevchenko, Kirill"]
[Result "0-1"]
[WhiteElo "2269"]
[BlackElo "2569"]
[Annotator "TA"]
[PlyCount "128"]
[EventDate "2018.05.15"]
[EventType "tourn"]
[EventRounds "11"]
[EventCountry "RUS"]

{[%evp 20,128,33,0,0,-6,44,39,40,25,30,-29,0,0,0,0,0,0,1,-20,-20,-20,-18,-26,-26,-18,-23,-28,-27,-22,-21,-18,-12,-18,-20,-30,-32,-76,-88,-89,-82,-73,-62,-62,-66,-67,-66,-66,-58,-65,-52,-86,-86,-87,-86,-98,-86,-86,-85,-85,-85,-86,-85,-86,-86,-245,-243,-302,-297,-299,-283,-282,-282,-278,-272,-266,-225,-225,-204,-205,-207,-346,-346,-333,-331,-326,-326,-922,-922,-1101,-710,-519,-453,-438,-425,-416,-326,-701,-688,-638,-615,-598,-466,-448,-439,-430,-365,-693,-408,-408,-340]} 1. d4 Nf6 2. Nf3 g6 3. c4 Bg7 4. Nc3 O-O 5. e4 d6 6. Be2 e5 7. O-O Na6 8. Re1 exd4 9. Nxd4 Nc5 10. f3 Nh5 {E95: Königsindisch (Klassisches System)} 11. g3 {LiveBook: 3 Partien} Re8 $1 12. Nb3 Nxb3 $146 {Die Stellung ist ausgeglichen.} ({Vorgänger:} 12... b6 13. Bf1 Bb7 14. g4 Nf6 15. Bg5 h6 16. Bh4 g5 17. Bf2 Nfd7 18. Nd4 Bxd4 19. Bxd4 {0-1 (55) Pogorelov,R (2385)-Hernandez,A (2330) Barcelona 1992}) 13. axb3 f5 14. exf5 Bxf5 {[#]} 15. f4 ({Besser ist} 15. c5 $1 {[%mdl 512]}) 15... Nf6 16. Bf3 Rxe1+ 17. Qxe1 Qd7 18. Be3 Ng4 19. Bxg4 ({Jedoch nicht} 19. Bxb7 $2 Re8 $19) ({Nicht} 19. Bxa7 $2 Rxa7 $1 {[%mdl 512]} 20. Rd1 (20. Bd5+ $2 Kh8 $19) 20... Ra8 $19) (19. Qd2 {is interesting.} Nxe3 20. Qxe3 c5 21. Qd2 a6 22. Re1) 19... Bxg4 20. Qd2 Bxc3 21. bxc3 a5 22. c5 dxc5 {Droht ...Dxd2 und aus.} 23. Qxd7 Bxd7 24. Bxc5 $11 {[%mdl 4096] Endspiel KTL-KTL} Be6 25. c4 Rd8 26. Be7 Rd3 27. Rxa5 Kf7 28. Ba3 Rxb3 29. c5 Bd5 30. Kf2 Ke6 31. Bc1 Rb1 32. f5+ Kxf5 33. Bf4 c6 34. h4 Bc4 35. Ke3 Rb3+ 36. Kd2 Ke4 37. Ra8 Kd4 38. Bd6 Rb2+ 39. Kc1 Re2 {Weiss muss nun ...Kc3 beachten.} 40. Ra3 Kd5 41. Bf8 Rf2 42. Bd6 $2 {[#]} (42. Ra8 $17) 42... b5 $1 $19 43. Re3 Kd4 44. Re1 Rg2 45. Rd1+ Kc3 46. Be5+ Kb4 47. Bd6 Re2 48. Rd2 Re8 49. Kb2 Ra8 50. Rd4 (50. Be5 {war einen Versuch wert.}) 50... Ra2+ 51. Kb1 Re2 52. Rd1 Kc3 53. Rc1+ $2 (53. Kc1) 53... Kb3 54. Rd1 b4 55. Bf4 Bd5 56. Rd3+ Kc4 57. Re3 Rg2 58. Bd6 $2 (58. Bg5) 58... Kd4 59. Re8 Be4+ 60. Kc1 b3 {( -> ...b2+)} 61. Rb8 Rc2+ 62. Kb1 Kc4 63. Rb6 $2 (63. Be5) 63... Bf5 {...Te2+ ist eine echte Drohung.} 64. Bf8 Bd3 {Precision: Weiß = 45%, Schwarz = 75%.} 0-1

[Event "Vanya Somov Memorial 2018"]
[Site "Kirishi"]
[Date "2018.05.21"]
[Round "6.4"]
[White "Sargsyan, Shant"]
[Black "Hakobyan, Aram"]
[Result "1/2-1/2"]
[WhiteElo "2489"]
[BlackElo "2542"]
[Annotator "TA"]
[PlyCount "23"]
[EventDate "2018.05.15"]
[EventType "tourn"]
[EventRounds "11"]
[EventCountry "RUS"]

{[%evp 22,23,12,0]} 1. d4 Nf6 2. c4 g6 3. Nf3 Bg7 4. g3 O-O 5. Bg2 c6 6. Nc3 d5 7. cxd5 cxd5 8. O-O Ne4 $146 ({Vorgänger:} 8... Nc6 9. Ne5 Ng4 10. Nxc6 bxc6 11. h3 Nh6 12. Bxh6 Bxh6 13. e3 Bg7 14. Rc1 e5 15. dxe5 Bxe5 16. Na4 Bd7 17. Qd2 Rb8 {1-0 (37) Bok,B (2640)-Shirov,A (2644) Berlin 2018}) 9. Nd2 Nf6 10. Nf3 Ne4 11. Nd2 Nf6 12. Nf3 1/2-1/2

[Event "Vanya Somov Memorial 2018"]
[Site "Kirishi"]
[Date "2018.05.21"]
[Round "6.5"]
[White "Kacharava, Nikolozi"]
[Black "Zarubitski, Viachaslau"]
[Result "0-1"]
[WhiteElo "2392"]
[BlackElo "2435"]
[Annotator "TA"]
[PlyCount "100"]
[EventDate "2018.05.15"]
[EventType "tourn"]
[EventRounds "11"]
[EventCountry "RUS"]

{[%evp 21,100,10,20,7,22,0,28,0,22,17,10,14,8,0,10,6,15,1,0,-4,-6,0,67,0,86,83,254,0,0,-48,-35,-48,-52,-134,-152,-183,-201,-293,-263,-255,-254,-293,-295,-343,-337,-331,-341,-395,-406,-400,-97,-93,-107,-481,-487,-470,-486,-487,-476,-459,-462,-675,-653,-791,-797,-736,-740,-889,-876,-878,-878,-820,-844,-825,-818,-785,-757,-903,-875,-29991,-29990]} 1. e4 e5 2. Nf3 Nf6 3. Nxe5 d6 4. Nf3 Nxe4 5. d4 d5 6. Bd3 Bd6 7. c4 c6 8. Nc3 Nxc3 9. bxc3 dxc4 10. Bxc4 Bf5 11. O-O O-O {LiveBook: 17 Games} 12. Bg5 {C42: Petroff Defence: 3 Nxe5 and unusual White 3rd moves} (12. Re1 Nd7 13. Bg5 Qa5 14. Qb3 b5 15. Bf1 Rfe8 16. c4 Be6 17. Qc2 bxc4 18. Bxc4 Bxc4 19. Qxc4 Qd5 {½-½ (30) Anand,V (2783)-Caruana,F (2807) Saint Louis 2017}) 12... Qa5 13. Qd2 Nd7 14. Bf4 $146 {White has an edge.} ({Predecessor:} 14. Rae1 Nb6 15. Bd3 Bxd3 16. Qxd3 Qxa2 17. Be7 Bxe7 18. Rxe7 Rab8 19. Ng5 f5 {0-1 (45) Jean,M (1656)-Shaker,M (1726) Baku 2016}) 14... Qc7 15. Bxd6 Qxd6 16. Rfe1 Rfe8 17. Re3 Nb6 18. Bb3 Nd5 19. Ne5 Be6 20. Rg3 f6 $36 {[%mdl 2048] Black is pushing.} 21. Bc2 Kf8 (21... Qe7 $11 22. Nf3 Kh8) 22. Qd3 (22. Rf3 $14) 22... fxe5 (22... g6 $11 {remains equal.} 23. Nxg6+ hxg6 24. Qxg6 Ke7) 23. Qxh7 $16 {[%csl Gg3][%cal Rh7g7]} Ke7 $2 {[#]} (23... Qc7 $16 {was necessary.}) 24. Qxg7+ $2 ({Worse is} 24. Rxg7+ Kd8 $11) (24. c4 $1 $18 {[%cal Rc4d5]} Nf4 25. Rxg7+ Kd8 26. Re1 (26. Rxb7 exd4 27. Rd1 Bd7 $15) 26... exd4 27. c5) 24... Kd8 $11 25. dxe5 Qe7 26. Qh6 $1 Qf8 27. Qd2 (27. Qxf8 $1 $15 Rxf8 28. Rg7) 27... Kc7 $17 28. c4 Nb6 29. f4 (29. Qc3 $142) 29... Nxc4 $19 30. Qf2 Rad8 31. Bd3 Rd7 32. Re1 Red8 33. Bxc4 Bxc4 34. e6 Rd1 35. Rge3 {Threatens to win with e7.} Qc5 $2 (35... R8d2 $19 {and Black stays clearly on top.} 36. Qg3 Qc5) 36. e7 $17 Rxe1+ 37. Qxe1 $4 {[%mdl 8192] [#]} (37. Rxe1 $17 Qxf2+ 38. Kxf2) 37... Rd1 $1 $19 {[%mdl 512]} 38. e8=N+ (38. Qxd1 Qxe3+) 38... Kb6 39. Qxd1 Qxe3+ 40. Kh1 Qxe8 41. Qd4+ (41. h4 $142 Bxa2 42. Qd4+ Kc7 43. Kh2) 41... c5 42. Qf6+ Qe6 43. Qb2+ Kc6 {[%cal Re6e1]} 44. h3 Bxa2 45. f5 Qf7 46. Qe5 Bd5 47. Kg1 Qc7 48. Qe8+ Qd7 49. Qb8 Qxf5 50. Qxa7 Qe4 {Precision: White = 21%, Black = 57%.} 0-1

[Event "Vanya Somov Memorial 2018"]
[Site "Kirishi"]
[Date "2018.05.22"]
[Round "7.2"]
[White "Zarubitski, Viachaslau"]
[Black "Murzin, Volodar"]
[Result "1-0"]
[WhiteElo "2435"]
[BlackElo "2302"]
[Annotator "TA"]
[PlyCount "73"]
[EventDate "2018.05.15"]
[EventType "tourn"]
[EventRounds "11"]
[EventCountry "RUS"]

{[%evp 22,73,23,0,106,100,110,93,96,75,84,57,160,105,110,122,211,201,179,164,379,359,472,475,739,743,721,715,688,653,1103,1114,1037,856,1668,1701,29972,9254,2816,1931,1877,1842,1755,1689,2088,1891,1898,1729,29991,29991,29991,29992,29996,29997]} 1. e4 c5 2. Nf3 d6 3. d4 cxd4 4. Nxd4 Nf6 5. Nc3 a6 6. Be2 e5 7. Nb3 Be7 8. Be3 Be6 9. Nd5 Nbd7 10. Qd3 Bxd5 11. exd5 O-O 12. g4 {[%cal Bg2g4,Bg4g5][%mdl 32] LiveBook: 33 Games. B92: Sicilian Najdorf: 6 Be2} (12. a4 Rc8 13. a5 Ne8 14. O-O Bg5 15. c4 f5 16. f3 Bxe3+ 17. Qxe3 f4 18. Qf2 g5 19. Nd2 Ndf6 {½-½ (46) Eljanov,P (2755)-Wojtaszek,R (2750) Wijk aan Zee 2017}) 12... Rc8 (12... Nb6 $11) 13. g5 $16 Ne8 14. h4 {White is better.} f5 15. f4 $146 ({Predecessor:} 15. gxf6 Nexf6 16. Rg1 e4 17. Qd2 Ne5 18. Nd4 Rf7 19. Ne6 Qd7 {1-0 (29) Eynullayev,A (1963)-Munshi,A (1710) Batumi 2016}) 15... a5 {...a4 would now be nice for Black.} 16. a4 b6 (16... exf4 $1 $14 17. Bxf4 Ne5) 17. Rf1 ({White should play} 17. O-O-O) 17... g6 18. O-O-O Nc5 (18... Rf7 $16) 19. Nxc5 $18 bxc5 20. Qc3 e4 $2 {[#]} (20... exf4 {was called for.} 21. Bxf4 Nc7) 21. h5 Kf7 22. Rh1 Ng7 (22... Rg8 $142 23. hxg6+ hxg6 24. Rh7+ Rg7) 23. hxg6+ hxg6 24. Rh7 Rg8 25. Rdh1 Qf8 26. Bb5 Qd8 27. Bd2 Ra8 28. Qh3 Bf8 29. Bc3 Qc7 30. Qe3 Rb8 31. R1h6 Rxb5 32. axb5 Qb7 33. Bxg7 Bxg7 34. Qc3 {[#] Intending Qf6+ and mate.} Qxb5 35. Qf6+ {White mates.} Ke8 36. Qxg6+ Kf8 37. Qxd6+ {Precision: White = 87%, Black = 29%.} 1-0

[Event "Vanya Somov Memorial 2018"]
[Site "Kirishi"]
[Date "2018.05.22"]
[Round "7.3"]
[White "Hakobyan, Aram"]
[Black "Kacharava, Nikolozi"]
[Result "1/2-1/2"]
[WhiteElo "2542"]
[BlackElo "2392"]
[Annotator "TA"]
[PlyCount "105"]
[EventDate "2018.05.15"]
[EventType "tourn"]
[EventRounds "11"]
[EventCountry "RUS"]

{[%evp 18,105,29,29,41,14,28,27,31,8,8,7,22,0,4,0,0,0,0,0,0,-10,-9,-11,-9,-12,-14,-14,-12,-13,-10,-27,0,0,0,-10,0,0,0,0,0,0,0,0,0,0,0,0,0,-12,-11,-16,0,-7,0,0,0,0,0,0,0,0,0,0,0,0,0,0,0,0,0,0,0,0,0,0,0,0,0,0,0,0,0,0,0,0,0,0,0,0]} 1. d4 d6 2. Nf3 Nf6 3. g3 g6 4. Bg2 Bg7 5. O-O O-O 6. c4 Nc6 7. Nc3 e5 8. dxe5 dxe5 9. Bg5 Be6 10. Qc1 {LiveBook: 17 Partien. E62: Königsindisch (6...Sc6)} Qe8 $146 ({Vorgänger:} 10... Qb8 11. Rd1 Nd7 12. Bh6 f6 13. Bxg7 Kxg7 14. b3 Rf7 15. Qb2 Qf8 16. Rd2 Rd8 17. Rad1 Nb6 18. Rxd8 Nxd8 {½-½ (35) Vidit,S (2721)-Naiditsch,A (2700) Hungary 2017}) 11. Rd1 {Mit der Idee Sd5.} Rd8 12. Nd2 {Weiß hat minimalen Vorteil.} Rd7 13. Bxf6 Bxf6 14. Nd5 Be7 15. Ne4 f5 16. Ng5 Bxg5 17. Qxg5 {Droht stark Sf6+.} Qd8 18. Qxd8 Nxd8 19. b3 c6 20. Nb4 Nf7 21. Rxd7 Bxd7 22. Rd1 Bc8 23. Kf1 Kg7 24. Ke1 Rd8 25. Rxd8 {Die Stellung ist ausgeglichen.} Nxd8 $11 {[%mdl 4096] Endspiel KLS-KLS} 26. e4 fxe4 27. Bxe4 Bf5 28. Bxf5 gxf5 {KS-KS} 29. Nd3 Kf6 30. Nc5 Ke7 31. Ke2 Kd6 32. Nd3 e4 33. Nf4 Ke5 34. Ke3 Nf7 35. f3 exf3 36. Nd3+ Kf6 37. Kxf3 Ne5+ 38. Nxe5 Kxe5 {KB-KB} 39. Ke3 c5 40. Kd3 Kf6 41. Ke3 Kg5 42. Kf3 h6 43. h3 Kg6 44. Kf4 Kf6 $1 45. g4 fxg4 46. Kxg4 Kg6 47. h4 Kf6 48. Kf4 Ke6 49. Ke4 h5 50. a3 {Schwarz muss nun Kf4 beachten.} a5 51. a4 b6 52. Kf4 Kf6 53. Ke4 {Precision: Weiß = 59%, Schwarz = 74%.} 1/2-1/2

[Event "Vanya Somov Memorial 2018"]
[Site "Kirishi"]
[Date "2018.05.22"]
[Round "7.4"]
[White "Shevchenko, Kirill"]
[Black "Sargsyan, Shant"]
[Result "1/2-1/2"]
[WhiteElo "2569"]
[BlackElo "2489"]
[Annotator "TA"]
[PlyCount "47"]
[EventDate "2018.05.15"]
[EventType "tourn"]
[EventRounds "11"]
[EventCountry "RUS"]

{[%evp 14,47,8,8,15,7,14,5,24,26,21,0,18,-12,-18,-12,-9,-9,0,-9,-8,-5,-7,-5,0,0,0,-7,0,0,0,0,0,0,0,0]} 1. d4 Nf6 2. c4 e6 3. g3 d5 4. Bg2 Bb4+ 5. Nd2 O-O 6. Ngf3 b6 7. O-O Bb7 {[%cal Bc8b7,Bb7c6,Bc6a4][%mdl 32]} 8. b3 {LiveBook: 35 Partien. E16: Damenindisch (Hauptfortsetzung mit Lb4)} a5 (8... c5 9. Bb2 Nbd7 10. a3 Bxd2 11. Nxd2 cxd4 12. Bxd4 Rc8 13. b4 Qe7 14. Rc1 Rfd8 15. Qb3 dxc4 16. Nxc4 Bxg2 17. Kxg2 {0-1 (55) Ding,L (2777)-Carlsen,M (2837) Riadh 2017}) 9. Bb2 a4 $146 ({Vorgänger:} 9... Na6 10. e3 Be7 11. a3 c5 12. Qe2 Ra7 13. cxd5 exd5 14. Rfd1 Nc7 15. Ne5 Ne6 {½-½ (28) Karthikeyan,P (2473)-Le,Q (2736) Hanoi 2018}) 10. a3 Bxd2 11. Nxd2 axb3 12. Nxb3 {Die Stellung ist ausgeglichen.} Bc6 13. c5 Ba4 14. cxb6 cxb6 15. Qd3 Nc6 16. Nd2 Qd7 17. Bc3 Rfc8 18. Rfc1 h6 19. e3 Na7 20. Bb4 Rxc1+ 21. Rxc1 Rc8 22. Rxc8+ Qxc8 23. Qc3 Qd7 24. Bf1 {Precision: Weiß = 71%, Schwarz = 54%.} 1/2-1/2

[Event "Vanya Somov Memorial 2018"]
[Site "Kirishi"]
[Date "2018.05.22"]
[Round "7.5"]
[White "Lobanov, Sergei"]
[Black "Gharibyan, Mamikon"]
[Result "1/2-1/2"]
[WhiteElo "2515"]
[BlackElo "2269"]
[Annotator "TA"]
[PlyCount "65"]
[EventDate "2018.05.15"]
[EventType "tourn"]
[EventRounds "11"]
[EventCountry "RUS"]

{[%evp 38,65,15,25,20,14,22,18,29,25,48,4,2,8,10,11,26,0,0,0,0,0,0,0,0,0,0,0,0,0]} 1. e4 e5 2. Nf3 Nc6 3. Bb5 a6 4. Ba4 Nf6 5. O-O Nxe4 6. d4 b5 7. Bb3 d5 8. dxe5 Be6 9. Nbd2 Be7 10. c3 O-O 11. Bc2 f5 12. Nb3 Qd7 13. Nfd4 Nxd4 14. Nxd4 c5 15. Nxe6 Qxe6 16. f3 {C83: Spanische Partie (Offene Verteidigung/Hauptvariante)} Ng5 17. a4 Rad8 18. axb5 axb5 19. Ra7 Rd7 20. Rxd7 {LiveBook: 11 Partien} Qxd7 21. f4 Ne4 22. Bxe4 fxe4 {[#]} 23. f5 $1 {[%mdl 512] [#]} Kh8 $146 (23... Rxf5 24. Rxf5) ({Vorgänger:} 23... d4) 24. Be3 Rxf5 25. Rxf5 Qxf5 26. Qxd5 {Und Da8+ würde nun gewinnen.} h6 27. Bxc5 Bg5 {Droht ...e3.Die Stellung ist ausgeglichen.} 28. Bd4 e3 {[%cal Rf5b1] [#]} 29. Qf3 Qb1+ 30. Qf1 Qe4 $1 31. Qf3 Qb1+ 32. Qf1 Qe4 $1 33. Qf3 1/2-1/2

[Event "Vanya Somov Memorial 2018"]
[Site "Kirishi"]
[Date "2018.05.22"]
[Round "7.6"]
[White "Nesterov, Arseniy"]
[Black "Pultinevicius, Paulius"]
[Result "0-1"]
[WhiteElo "2395"]
[BlackElo "2402"]
[PlyCount "134"]
[EventDate "2018.05.15"]
[EventType "tourn"]
[EventRounds "11"]
[EventCountry "RUS"]

1. d4 Nf6 2. Bg5 e6 3. e4 h6 4. Bxf6 Qxf6 5. c3 d5 6. Bd3 c5 7. Nf3 Nc6 8. O-O cxd4 9. cxd4 dxe4 10. Bxe4 Bd6 11. Nc3 Qd8 12. Bxc6+ bxc6 13. Ne4 Bc7 14. Ne5 O-O 15. Re1 Bb6 16. Nc5 Qd5 17. Rc1 f6 18. Ng6 Re8 19. Nf4 Qd6 20. Qf3 Qxd4 21. Red1 Qe5 22. Qxc6 Bb7 23. Qxb7 Qxf4 24. Nxe6 Qg4 25. Re1 Rab8 26. Qd5 Kh8 27. Rc4 Qg6 28. Rce4 Rbc8 29. R4e2 Qf7 30. Qb3 Qh5 31. h3 Rc1 32. Qg3 Rxe1+ 33. Rxe1 Qf7 34. Qd6 Bc7 35. Qd5 Be5 36. f4 Bxf4 37. Re2 Be5 38. Nf4 Qxd5 39. Nxd5 Bd4+ 40. Kf1 Rxe2 41. Kxe2 Bxb2 42. Kd3 Kh7 43. a4 Ba3 44. Kc4 Kg6 45. Kb5 Kf5 46. a5 Ke4 47. Nb6 Bc1 48. Nc8 Be3 49. Nd6+ Kf4 50. Ne8 Kg3 51. Nxg7 Kxg2 52. Nf5 Bf4 53. h4 Kf3 54. Ka6 Kg4 55. Ne7 Be3 56. Nd5 Bd4 57. Kb5 f5 58. Kc4 Bg1 59. Kd3 Kxh4 60. Ke2 Kg3 61. Ne7 Kg4 62. Nc6 Bc5 63. Ne5+ Kg3 64. Kf1 h5 65. Nd3 Be3 66. Ke2 f4 67. Kf1 h4 0-1

[Event "Vanya Somov Memorial 2018"]
[Site "Kirishi"]
[Date "2018.05.23"]
[Round "8.1"]
[White "Shubin, Kirill"]
[Black "Pultinevicius, Paulius"]
[Result "1/2-1/2"]
[WhiteElo "2317"]
[BlackElo "2402"]
[PlyCount "82"]
[EventDate "2018.05.15"]
[EventType "tourn"]
[EventRounds "11"]
[EventCountry "RUS"]

1. e4 e5 2. Nf3 Nc6 3. Bb5 a6 4. Ba4 Nf6 5. O-O Be7 6. Re1 b5 7. Bb3 d6 8. c3 O-O 9. h3 Na5 10. Bc2 c5 11. d4 Nd7 12. b3 exd4 13. cxd4 Nc6 14. Nc3 Bf6 15. Ne2 Re8 16. Bb2 Bb7 17. Nf4 cxd4 18. Nxd4 Rc8 19. Rc1 Nxd4 20. Bxd4 Bxd4 21. Qxd4 Qg5 22. Qe3 h6 23. Bb1 Rxc1 24. Qxc1 Nf6 25. f3 d5 26. Nxd5 Bxd5 27. exd5 Rxe1+ 28. Qxe1 Qxd5 29. Qc1 Qd4+ 30. Kh2 Qd6+ 31. Kg1 g6 32. Be4 Qd4+ 33. Kh2 Kg7 34. Qc2 Qe5+ 35. Kg1 a5 36. Bd3 Nh5 37. Bf1 Ng3 38. Qf2 Nf5 39. Bd3 Nd4 40. f4 Qd5 41. Qe3 Nc6 1/2-1/2

[Event "Vanya Somov Memorial 2018"]
[Site "Kirishi"]
[Date "2018.05.23"]
[Round "8.2"]
[White "Gharibyan, Mamikon"]
[Black "Nesterov, Arseniy"]
[Result "1/2-1/2"]
[WhiteElo "2269"]
[BlackElo "2395"]
[PlyCount "66"]
[EventDate "2018.05.15"]
[EventType "tourn"]
[EventRounds "11"]
[EventCountry "RUS"]

1. d4 d5 2. c4 c6 3. Nf3 Nf6 4. e3 Bg4 5. Nc3 e6 6. h3 Bh5 7. Be2 Nbd7 8. O-O Bxf3 9. Bxf3 dxc4 10. Qe2 Nb6 11. Rd1 Be7 12. e4 O-O 13. Be3 Qc7 14. g3 e5 15. Bg2 Nfd7 16. f4 exd4 17. Bxd4 Nc5 18. Kh2 Rad8 19. Be3 Nd3 20. a3 Bc5 21. b3 Bxe3 22. Qxe3 Qe7 23. bxc4 Nxc4 24. Qxa7 Nc5 25. Rxd8 Rxd8 26. Rd1 Rxd1 27. Nxd1 h5 28. Qb8+ Kh7 29. Nf2 Na6 30. Qa7 h4 31. gxh4 Qc5 32. Qxb7 Qxf2 33. Qxf7 Ne3 1/2-1/2

[Event "Vanya Somov Memorial 2018"]
[Site "Kirishi"]
[Date "2018.05.23"]
[Round "8.3"]
[White "Sargsyan, Shant"]
[Black "Lobanov, Sergei"]
[Result "1/2-1/2"]
[WhiteElo "2489"]
[BlackElo "2515"]
[Annotator "TA"]
[PlyCount "65"]
[EventDate "2018.05.15"]
[EventType "tourn"]
[EventRounds "11"]
[EventCountry "RUS"]

{[%evp 23,65,21,21,22,33,6,18,16,16,12,18,14,32,-7,-7,-8,-5,-7,0,-5,-8,-4,0,0,0,0,0,0,0,0,0,0,2,0,0,0,0,0,0,0,0,0,0,0]} 1. d4 d5 2. c4 c6 3. Nf3 Nf6 4. e3 Bf5 5. Nc3 e6 6. Nh4 Be4 7. f3 Bg6 8. Qb3 Qc7 9. Bd2 {D12: Slav Defence: 3 Nf3 Nf6 4 e3 Bf5} Be7 10. Rc1 Nbd7 11. g3 Qb6 12. Nxg6 hxg6 {LiveBook: 5 Games} 13. Bd3 $146 ({Predecessor:} 13. f4 Ne4 14. Nxe4 dxe4 15. h4 f5 16. Rg1 Kf7 {1-0 (59) So,W (2762)-Stripunsky,A (2561) ICC INT 2014}) 13... O-O 14. Kf2 c5 15. Qxb6 Nxb6 16. dxc5 Nxc4 17. Bxc4 dxc4 18. c6 b6 {The position is equal.} 19. Ne2 b5 20. a4 a6 $1 21. axb5 axb5 22. Nd4 Ra2 23. Rc2 Rc8 24. Rhc1 Nd5 25. Nxb5 {And now e4 would win.} Rxc6 26. Nc3 Nxc3 27. Bxc3 Bf6 28. Re2 Rb6 29. Bxf6 gxf6 30. Rcc2 Kf8 31. g4 g5 32. Rxc4 Rbxb2 33. Rxb2 {Precision: White = 78%, Black = 81%.} 1/2-1/2

[Event "Vanya Somov Memorial 2018"]
[Site "Kirishi"]
[Date "2018.05.23"]
[Round "8.4"]
[White "Kacharava, Nikolozi"]
[Black "Shevchenko, Kirill"]
[Result "1/2-1/2"]
[WhiteElo "2392"]
[BlackElo "2569"]
[Annotator "TA"]
[PlyCount "56"]
[EventDate "2018.05.15"]
[EventType "tourn"]
[EventRounds "11"]
[EventCountry "RUS"]

{[%evp 15,56,16,18,8,64,6,20,6,12,27,16,16,0,0,0,0,0,0,0,0,83,0,40,0,0,0,0,0,0,0,8,9,9,10,11,8,10,0,0,0,11,15,25]} 1. e4 {[%cal Be2e4,Be4e5,Be5d6][%mdl 32]} c5 2. Nf3 d6 3. d4 Nf6 4. Nc3 cxd4 5. Qxd4 a6 6. e5 Nc6 {B53: Sicilian: 2...d6: Lines with Qxd4} 7. Qa4 Ng4 (7... dxe5 8. Nxe5 Bd7 9. Nxd7 Qxd7 10. Bd2 g6 11. O-O-O Bg7 12. Bg5 Qg4 13. Bxf6 Qxa4 14. Nxa4 Bxf6 {½-½ (49) Kramnik,V (2808)-Nakamura,H (2785) Stavanger 2017}) 8. exd6 Qb6 {LiveBook: 3 Games} 9. h3 Qxf2+ 10. Kd1 Nf6 11. Nb5 $1 {[%cal Rb5c7] [#] aiming for Nc7+.} Nd5 $146 ({Predecessor:} 11... Rb8 12. Nc7+ Kd8 13. Nxa6 bxa6 14. Qxc6 exd6 {1-0 (40) Hovhannisyan,R (2591)-Ter Sahakyan,S (2563) Yerevan 2018}) 12. c4 $1 {[%cal Rc4d5]} axb5 13. Qxa8 Nb6 14. Qa3 Nxc4 15. Bxc4 bxc4 16. Rg1 Qg3 17. Be3 Qg6 {[#]} (17... Qxd6+ $11 18. Qxd6 exd6) 18. Nd4 ({White should try} 18. dxe7 $1 $16 Bxe7 19. Bc5) 18... Qe4 19. Nxc6 (19. Qa8 {with more complications.} Kd7 20. Nxc6 Qxc6 21. Qa5 e5 22. Qxe5 Qxd6+ 23. Qd4) 19... Qxc6 {The position is equal.} 20. Qc5 exd6 21. Qxc6+ bxc6 22. b3 cxb3 23. axb3 {Black should prevent Ra8.} Be7 24. Ra7 Bf6 25. Rc7 Be6 26. Rxc6 Bxb3+ 27. Kd2 O-O 28. Rxd6 Be6 {Precision: White = 80%, Black = 57%.} 1/2-1/2